| 000 | 01934nam a22002537a 4500 | ||
|---|---|---|---|
| 999 |
_c57582 _d57582 |
||
| 003 | Ge_BSU | ||
| 005 | 20200807134728.0 | ||
| 008 | 200807s2019 ge ||||| |||| 00| 0 geo d | ||
| 020 | _a9789941138096 | ||
| 041 | _ageo | ||
| 080 | _a821.353.1(092 ვაჟა-ფშაველა) შ-24 | ||
| 100 |
_aშარაბიძე, თამარ, _eავტორი. _95772 |
||
| 245 |
_aმოზაიკური სინთეზი: : წერილები ვაჟა-ფშაველაზე : _b[მონოგრაფია] / _c თამარ შარაბიძე ; რედაქტორი ინგა სანიკიძე ; გარეკანის დიზაინერი მარიამ ებრალიძე ; ივანე ჯავახიშვილის სახელობის თბილისის სახელმწიფო უნივერსიტეტი. |
||
| 264 |
_aთბილისი : _bთბილისის უნივერსიტეტის გამომცემლობა, _c2019. |
||
| 300 |
_a410 გვ. ; _b20 სმ. |
||
| 504 | _a ბიბლიოგრაფია სტატიების ბოლოს. | ||
| 653 | _a ვაჟა-ფშაველა, 1861-1915. | ||
| 653 | _a ქართველი მწერლები | ||
| 653 | _a ლიტერატურის ისტორია და კრიტიკა -- ქართული პოეზია | ||
| 700 |
_aსანიკიძე, ინგა _eრედაქტორი _99112 |
||
| 700 |
_aებრალიძე, მარიამ _eგარეკანის დიზაინერი _99113 |
||
| 710 |
_aივანე ჯავახიშვილის სახელობის თბილისის სახელმწიფო უნივერსიტეტი _99128 |
||
| 942 |
_2udc _cBK |
||